000 00846nam a2200253Ia 4500
003 GCL
008 140319s9999 xx 000 0 ara d
020 _a9403802977
040 _aGCL /
_cGCL
082 0 4 _a822.008
_bش د
100 1 _aشفيق غبريال
245 1 0 _aدقة بدقة /
_cشفيق غبريال
700 1 _aابراهيم زكى خورشيد
700 1 _aشكسبير، ويليام
250 _aالثانية
260 _aالقاهرة :
_bدار المعارف ،
_c1993
300 _a157 ص ؛
_c19سم
490 _aمسرحيات شكسبير
_v0
650 0 4 _aالادب الانجليزى المترجم
650 0 4 _aالمسرحيات الانجليزية المترجمة
650 0 4 _aشكسبير، ويليام
650 0 4 _aالمسرح الانجليزى المترجم
942 _2ddc
_cBK
999 _c29760
_d29760